Caras de la muerte : investigaciones filosóficas sobre la muerte /

保存先:
書誌詳細
第一著者: Han, Byung-Chul (autor)
その他の著者: Ciria, Alberto, 1967- (traducción) (traducción)
フォーマット: 図書
言語:スペイン語
出版事項: Barcelona, España : Herder, 2020, c2020
版:1a edición, 2a reimpresión
シリーズ:(Biblioteca de Filosofía Herder) [s.n.]
主題:
タグ: タグ追加
タグなし, このレコードへの初めてのタグを付けませんか!

MARC

LEADER 00000nam^a2200000^a^4500
001 000425777
005 20250521000000.0
009 20260310122725.284
020 |a 978-84-254-4105-9 
037 |a Acervo ITESO - Biblioteca 
041 |a ESP 
082 |a 149. 97  |b HAN OBR CAR 
100 |a Han, Byung-Chul  |e (autor) 
245 1 0 |a Caras de la muerte :  |b investigaciones filosóficas sobre la muerte /  |c B.C. Han ; tr. por A. Ciria. 
250 |a 1a edición, 2a reimpresión 
264 4 |a Barcelona, España :  |b Herder,  |c 2020, c2020 
300 |a 274 p. 
336 |a texto  |b txt  |2 rdacontenido 
337 |a sin mediación  |b n  |2 rdamedio 
338 |a volumen  |b nc  |2 rdasoporte 
440 1 |a (Biblioteca de Filosofía Herder) [s.n.] 
500 |a Traducción de: Todesarten: Philosophische Untersuchungen zum Tod 
521 |a Peticiones 2021 
561 |a Dedicatoria con la leyenda: Ahora eres la víctima, aunque maldita y sagrada de este acto bandalico a la institución. Entre el perdón y la muerte, 7 de diciembre de 2021, firmado [Jesús] 
562 |a Obra recuperada con los sellos de propiedad rayados 
586 |a Premio Príncipe de Asturias de Comunicación y Humanidades 2025 
649 |a XX 
650 |a Filósofos Alemanes 
650 |a Filósofos Franceses 
650 |a Escritores Checos 
650 |a Muerte Humana -  |x Aspectos Eticos 
650 |a Muerte Humana -  |x Filosofía -  |x Tema Principal 
650 |a Vida Humana 
650 |a Filosofía y Literatura -  |x Historia y Crítica 
650 |a Etica 
650 |a Tanatología 
650 |a Escatología (Filosofía) 
650 |a Antropología Filosófica 
650 |a Existencialismo -  |x Historia y Crítica 
650 |a Fenomenología -  |x Historia y Crítica 
650 |a Escuela de Frankfurt -  |x Historia y Crítica 
650 |a Estructuralismo y Postestructuralismo -  |x Historia y Crítica 
650 |a Modernidad y Posmodernidad -  |x Historia y Crítica 
650 |a Filosofía Alemana 
650 |a Filosofía Alemana -  |x Historia y Crítica 
650 |a Filosofía Francesa -  |x Historia y Crítica 
650 |a Filosofía del Siglo XX 
650 |a Adorno, Theodor W. 
650 |a Derrida, Jacques 
650 |a Heidegger, Martin 
650 |a Kafka, Franz 
650 |a Levinas, Emmanuel 
700 |a Ciria, Alberto,  |d 1967-  |e (traducción) 
910 |a Fondo General 
920 |a Impresos - Libros 
930 |a Colección General 
905 |a 101 
901 |a 0500341410  |b IT1  |c ACC  |i C174495  |u 20250521 
901 |a 0500410380  |b IT1  |c ACC  |i C174495  |u 20250521 
902 |a https://opac.biblio.iteso.mx/vufind/Record/000425777